Normal view
MARC view
Entry Personal Name
001 - CONTROL NUMBER
- control field: 29161
003 - CONTROL NUMBER IDENTIFIER
- control field: dpl
005 - DATE AND TIME OF LATEST TRANSACTION
- control field: 20110704124114.0
008 - FIXED-LENGTH DATA ELEMENTS
- fixed length control field: 110704|||a|||||| | ||| d
040 ## - CATALOGING SOURCE
- Original cataloging agency: dpl
- Transcribing agency: dpl
100 ## - HEADING--PERSONAL NAME
- Personal name: Roberts,Nancy
670 ## - SOURCE DATA FOUND
- Source citation: Work cat.: (dpl): 29042 Ahmad Al-Raysuni, Imam al-shatibi's :, 2011
670 ## - SOURCE DATA FOUND
- Source citation: Work cat.: (dpl): 29042 Ahmad Al-Raysuni, Imam al-shatibi's :, 2011
